<?xml version="1.0" encoding="UTF-8"?><?xml-stylesheet type="text/xsl" href="static/style.xsl"?><OAI-PMH xmlns="http://www.openarchives.org/OAI/2.0/" xmlns:xsi="http://www.w3.org/2001/XMLSchema-instance" xsi:schemaLocation="http://www.openarchives.org/OAI/2.0/ http://www.openarchives.org/OAI/2.0/OAI-PMH.xsd"><responseDate>2026-04-17T11:44:09Z</responseDate><request verb="GetRecord" identifier="oai:riubu.ubu.es:10259/4522" metadataPrefix="marc">https://riubu.ubu.es/oai/request</request><GetRecord><record><header><identifier>oai:riubu.ubu.es:10259/4522</identifier><datestamp>2022-04-26T11:42:11Z</datestamp><setSpec>com_10259_2699</setSpec><setSpec>col_10259_2713</setSpec></header><metadata><record xmlns="http://www.loc.gov/MARC21/slim" xmlns:doc="http://www.lyncode.com/xoai" xmlns:xsi="http://www.w3.org/2001/XMLSchema-instance" xmlns:dcterms="http://purl.org/dc/terms/" xsi:schemaLocation="http://www.loc.gov/MARC21/slim http://www.loc.gov/standards/marcxml/schema/MARC21slim.xsd">
<leader>00925njm 22002777a 4500</leader>
<datafield tag="042" ind1=" " ind2=" ">
<subfield code="a">dc</subfield>
</datafield>
<datafield tag="720" ind1=" " ind2=" ">
<subfield code="a">Grings, Edi Terezinha de Oliveira</subfield>
<subfield code="e">author</subfield>
</datafield>
<datafield tag="260" ind1=" " ind2=" ">
<subfield code="c">2014</subfield>
</datafield>
<datafield tag="520" ind1=" " ind2=" ">
<subfield code="a">Esta tesis tiene la finalidad de estudiar las dificultades de los estudiantes y posibles indicadores de invariantes operatorios en el campo conceptual de la termodinámica. Para alcanzar este objetivo se propone una metodología didáctica que introduce los conceptos por medio de situaciones, una vez que Moreira (2004) afirma que las situaciones son la puerta de entrada de un campo conceptual. Para fundamentar el trabajo desarrollado, se utilizó como aporte teórico principal la teoría de los campos conceptuales de Vergnaud enriquecida por la visión de Greca y Moreira (2004). Para Vergnaud (1993, p. 9), los conceptos están constituidos por tres conjuntos distintos, uno, el de las situaciones que dan sentido al concepto y constituyen su referente, otro, el de invariantes operatorios que dan significado, y el tercero, que forma las representaciones simbólicas que constituyen su significante</subfield>
</datafield>
<datafield tag="520" ind1=" " ind2=" ">
<subfield code="a">To support this work it was used as main theoretical contribution the theory of conceptual fields of Vergnaud enriched by the vision of Greca and Moreira (2004), in addition to Ausubel's meaningful learning theory, and Vygotsky's theory of mediation, as well as the epistemological theory of Stephen Toulmin. To Vergnaud (1993, p. 9), the concepts consist of operational invariants, symbolic representations and the resolution of situations. According to this author, the domain of a conceptual field takes a long time, with advances and setbacks. In the epistemological view of Toulmin (Ibid.), the construction of a concept goes through an evolutionary process.</subfield>
</datafield>
<datafield tag="024" ind2=" " ind1="8">
<subfield code="a">http://hdl.handle.net/10259/4522</subfield>
</datafield>
<datafield tag="024" ind2=" " ind1="8">
<subfield code="a">10.36443/10259/4522</subfield>
</datafield>
<datafield ind1=" " ind2=" " tag="653">
<subfield code="a">enseñanza de la física</subfield>
</datafield>
<datafield ind1=" " ind2=" " tag="653">
<subfield code="a">conceptos termodinámicos</subfield>
</datafield>
<datafield ind1=" " ind2=" " tag="653">
<subfield code="a">invariantes operatorios</subfield>
</datafield>
<datafield ind1=" " ind2=" " tag="653">
<subfield code="a">campos conceptuales</subfield>
</datafield>
<datafield ind1=" " ind2=" " tag="653">
<subfield code="a">esquemas</subfield>
</datafield>
<datafield ind1=" " ind2=" " tag="653">
<subfield code="a">physics education</subfield>
</datafield>
<datafield ind1=" " ind2=" " tag="653">
<subfield code="a">thermodynamical concepts</subfield>
</datafield>
<datafield ind1=" " ind2=" " tag="653">
<subfield code="a">operational invariants</subfield>
</datafield>
<datafield ind1=" " ind2=" " tag="653">
<subfield code="a">conceptual fields</subfield>
</datafield>
<datafield ind1=" " ind2=" " tag="653">
<subfield code="a">schemes</subfield>
</datafield>
<datafield tag="245" ind1="0" ind2="0">
<subfield code="a">Introdução de conceitos da termodinâmica através da resolução de situações e análise da conceitualização à luz da teoria dos campos conceituais de Vergnaud</subfield>
</datafield>
</record></metadata></record></GetRecord></OAI-PMH>